000
00215nam a22000977a 4500
999
_c
15788
_d
15788
003
OSt
008
191021b ||||| |||| 00| 0 eng d
100
_a
Joseph, Mundassery.
_9
4310
245
_a
kavya peedika
942
_c
BK